| 000 | 00648nam a22001697a 4500 | ||
|---|---|---|---|
| 003 | BD-DhUL | ||
| 005 | 20160830102216.0 | ||
| 008 | 160830b xxu||||| |||| 00| 0 eng d | ||
| 040 | _cBD-DhUL | ||
| 082 |
_a922 _bFAT |
||
| 100 | _aআত্তার, শেখ ফরিদ উদ্দীন | ||
| 245 |
_aতাযকেরাতুল আওলীয়া : _b২য় খন্ড / _cআত্তার, শেখ ফরিদ উদ্দীন |
||
| 260 |
_aঢাকা : _bসোবহানিয়া, _c১৯৭৫. |
||
| 300 |
_aখন্ড ; _c২৪ সেমি. |
||
| 650 |
_aইতিহাস _vHistory |
||
| 942 |
_2ddc _cBK |
||
| 999 |
_c102713 _d102713 |
||